[Event "SUI-chT"]
[Site "Switzerland"]
[Date "2007.09.29"]
[Round "8.5"]
[White "Costa, Gian Luca"]
[Black "Giertz, Niklaus"]
[Result "1/2-1/2"]
[WhiteElo "2447"]
[BlackElo "2314"]
[PlyCount "56"]
[EventDate "2007.02.25"]
[EventType "team-tourn"]
[EventRounds "9"]
[EventCountry "SUI"]
[SourceTitle "EXT 2008"]
[Source "ChessBase"]
[SourceDate "2007.11.25"]
[SourceVersion "1"]
[SourceVersionDate "2007.11.25"]
[SourceQuality "1"]
[WhiteTeam "Mendrisio"]
[BlackTeam "Riehen"]
[WhiteTeamCountry "SUI"]
[BlackTeamCountry "SUI"]

1. e4 e5 2. Bc4 Nf6 3. d3 c6 4. Nf3 d5 5. Bb3 Bd6 6. Nc3 dxe4 7. Ng5 0-0 8. Ncxe4 Nxe4 9. Nxe4 Bf5 10. 0-0 Na6 11. Re1 Bxe4 12. dxe4 Nc5 13. Bc4 b5 14. Bf1 a5 15. c3 a4 16. Qc2 Qe7 17. Be3 Ne6 18. Rad1 Bc5 19. Qc1 Rfd8 20. g3 Rxd1 21. Rxd1 Rd8 22. Rxd8+ Qxd8 23. Bxc5 Nxc5 24. Qe3 Qd6 25. Be2 f6 26. f3 Kf8 27. Kf2 Ke7 28. Ke1 Nd7 1/2-1/2

[Event "SUI-chT"]
[Site "Switzerland"]
[Date "2006.06.11"]
[Round "4.5"]
[White "Bucher, Denis"]
[Black "Costa, Gian Luca"]
[Result "0-1"]
[WhiteElo "2309"]
[BlackElo "2425"]
[PlyCount "94"]
[EventDate "2006.02.26"]
[EventType "team-tourn"]
[EventRounds "9"]
[EventCountry "SUI"]
[SourceTitle "EXT 2007"]
[Source "ChessBase"]
[SourceDate "2006.11.23"]
[SourceVersion "1"]
[SourceVersionDate "2006.11.23"]
[SourceQuality "1"]
[WhiteTeam "Lausanne"]
[BlackTeam "Mendrisio"]
[WhiteTeamCountry "SUI"]
[BlackTeamCountry "SUI"]

1. e4 d6 2. d4 Nf6 3. Nc3 e5 4. Nf3 Nbd7 5. Be2 Be7 6. 0-0 0-0 7. Re1 c6 8. a4 b6 9. Bf1 a6 10. b3 Bb7 11. Bb2 Re8 12. h3 Bf8 13. g3 g6 14. d5 cxd5 15. Nxd5 Nxd5 16. exd5 Rc8 17. Qd2 Nf6 18. c4 a5 19. b4 Ba6 20. bxa5 Bxc4 21. axb6 Bxd5 22. Nxe5 dxe5 23. Bxe5 Ne4 24. Rxe4 Bxe4 25. Qxd8 Rcxd8 26. Bc7 Rd2 27. Rc1 Ra8 28. a5 Bb7 29. a6 Rxa6 30. Bxa6 Bxa6 31. g4 Rb2 32. Rd1 f6 33. Rd8 Kf7 34. Ra8 Bb7 35. Ra7 Rb1+ 36. Kh2 Bd5 37. Bd6+ Ke8 38. Bxf8 Kxf8 39. Rd7 Be4 40. Rxh7 g5 41. Rh8+ Kf7 42. h4 Rh1+ 43. Kg3 Rg1+ 44. Kh3 f5 45. gxf5 g4+ 46. Kh2 Rg2+ 47. Kh1 Rg3+ 0-1

[Event "SUI-chT"]
[Site "Switzerland"]
[Date "2006.04.30"]
[Round "3.3"]
[White "Jenni, Florian"]
[Black "Costa, Gian Luca"]
[Result "1-0"]
[WhiteElo "2515"]
[BlackElo "2425"]
[PlyCount "125"]
[EventDate "2006.02.26"]
[EventType "team-tourn"]
[EventRounds "9"]
[EventCountry "SUI"]
[SourceTitle "EXT 2007"]
[Source "ChessBase"]
[SourceDate "2006.11.23"]
[SourceVersion "1"]
[SourceVersionDate "2006.11.23"]
[SourceQuality "1"]
[WhiteTeam "Zuerich"]
[BlackTeam "Mendrisio"]
[WhiteTeamCountry "SUI"]
[BlackTeamCountry "SUI"]

1. e4 d5 2. exd5 Qxd5 3. Nc3 Qa5 4. d4 c6 5. Bc4 Nf6 6. Nf3 Bg4 7. h3 Bxf3 8. Qxf3 e6 9. Bd2 Qc7 10. 0-0-0 Nbd7 11. g4 Bb4 12. Kb1 Nb6 13. Bb3 a5 14. a3 Bxc3 15. bxc3 a4 16. Ba2 c5 17. g5 Nfd7 18. d5 c4 19. dxe6 fxe6 20. Rhe1 e5 21. Be3 0-0-0 22. Ka1 Nc5 23. Rb1 Rd6 24. Rb5 Ncd7 25. Reb1 Rf8 26. Qe4 g6 27. h4 Re8 28. h5 Ree6 29. h6 Qc6 30. Qg4 Qc7 31. R1b4 Kd8 32. Kb2 Rc6 33. f4 exf4 34. Bxf4 Qc8 35. Bg3 Ke7 36. Bf2 Qc7 37. Bd4 Qd6 38. Qf3 Ke8 39. Ra5 Ke7 40. Ra7 Qb8 41. Ra5 Qh2 42. Rab5 Re2 43. Ka1 Ree6 44. Rb1 Kd8 45. Rd1 Kc8 46. Bxb6 Rxb6 47. Rxb6 Rxb6 48. Qd5 Qh3 49. Qg8+ Kc7 50. Qxc4+ Rc6 51. Qf4+ Kc8 52. Qb4 Kc7 53. Bg8 Qf3 54. Qa5+ Kc8 55. Re1 Qf8 56. Ba2 Kb8 57. Qxa4 Nb6 58. Qb4 Qf5 59. Bb3 Qxg5 60. a4 Ka7 61. Qd4 Qa5 62. Kb2 Ka6 63. Re5 1-0

[Event "SUI-chT"]
[Site "Switzerland"]
[Date "2005.10.30"]
[Round "9.1"]
[White "Costa, Gian Luca"]
[Black "Prusikin, Michael"]
[Result "1/2-1/2"]
[WhiteElo "2368"]
[BlackElo "2513"]
[PlyCount "47"]
[EventDate "2005.02.27"]
[EventType "team-tourn"]
[EventRounds "9"]
[EventCountry "SUI"]
[SourceTitle "EXT 2006"]
[Source "ChessBase"]
[SourceDate "2005.11.24"]
[SourceVersion "1"]
[SourceVersionDate "2005.11.24"]
[SourceQuality "1"]
[WhiteTeam "Mendrisio"]
[BlackTeam "Wollishofen"]
[WhiteTeamCountry "SUI"]
[BlackTeamCountry "SUI"]

1. d4 Nf6 2. Nf3 e6 3. Bg5 c5 4. c3 d5 5. e3 Nc6 6. Nbd2 Be7 7. Bd3 b6 8. 0-0 Bb7 9. a3 0-0 10. b4 h6 11. Bh4 cxd4 12. Bxf6 Bxf6 13. exd4 Qd6 14. Re1 Rfc8 15. Re3 Rc7 16. Qe1 Rac8 17. Rd1 Nb8 18. Nf1 Nd7 19. Ng3 g6 20. Bb1 Nf8 21. h4 h5 22. Nf1 Bc6 23. g3 Ba4 24. Rc1 1/2-1/2

[Event "SUI-chT"]
[Site "Switzerland"]
[Date "2005.09.04"]
[Round "7.4"]
[White "Costa, Gian Luca"]
[Black "Drabke, Lorenz Maximilian"]
[Result "1-0"]
[WhiteElo "2368"]
[BlackElo "2383"]
[PlyCount "51"]
[EventDate "2005.02.27"]
[EventType "team-tourn"]
[EventRounds "9"]
[EventCountry "SUI"]
[SourceTitle "EXT 2006"]
[Source "ChessBase"]
[SourceDate "2005.11.24"]
[SourceVersion "1"]
[SourceVersionDate "2005.11.24"]
[SourceQuality "1"]
[WhiteTeam "Mendrisio"]
[BlackTeam "Reichenstein"]
[WhiteTeamCountry "SUI"]
[BlackTeamCountry "SUI"]

1. b3 e5 2. Bb2 Nc6 3. e3 Nf6 4. Bb5 Bd6 5. Na3 a6 6. Bxc6 dxc6 7. Nc4 Qe7 8. Nf3 Nd7 9. 0-0 0-0 10. e4 c5 11. Re1 Re8 12. c3 Nf8 13. d4 cxd4 14. cxd4 Bb4 15. Re3 exd4 16. Nxd4 f6 17. Qc2 Bd7 18. e5 b5 19. exf6 Qxf6 20. Rg3 Qf7 21. Ne3 Bd6 22. Rf3 Qh5 23. h3 Qe5 24. Rg3 Qe4 25. Rxg7+ Kh8 26. Rxd7 1-0